00626cam a22002051 450000100100000000500170001000800410002701000130006803500200008104000230010104200120012405000220013610000390015824500340019726000530023130000170028449000450030150000340034661100400038000001991220200929170204.0841210q19601969sp 000 0 spa  a70256873 a(OCoLC)11472079 aDO-SdBNPcPLFdDLC apremarc00aBX830 1962b.M3652 aMartin Descalzo, Jose Luis,d1930-13aUn periodista en el Concilio. aMadrid, :bPropaganda Popular Catolica,c[196?]. av. ;c20 cm.0 aColeccion Cosas de Dios,v16, 19, 26, 29 aVol. 3: 2d ed.; v. 4: 4th ed.20aVatican Counciln(2nd :d1962-1965)